| 000 | 00471nam a2200157 a 4500 | ||
|---|---|---|---|
| 001 | 000035293 | ||
| 005 | 20200930074233.0 | ||
| 008 | 111027s1974 fr 000 0 fre d | ||
| 040 |
_aDO-SdBNP _bspa _cBNPHU |
||
| 082 |
_axxx _bL186d |
||
| 100 | 1 |
_aLaine, Pascal _961061 |
|
| 245 | 1 | 3 |
_aLa dentelliére / _cPascal Laine. |
| 260 |
_aFrance : _bGallimard, _c1974. |
||
| 300 |
_a176 p. ; _c19 cm. |
||
| 590 | _aPerteneció a la biblioteca personal de Juan Isidro Jimenes Grullón | ||
| 999 |
_c34784 _d34784 |
||